000 01107nam a2200349Ia 4500
001 061957
008 221003m2021 xx 000 0 spa d
035 _aCENDO_51378
041 _aspa
110 2 _aCCOO.
_bPensionistas y Jubilados
_930791
245 1 0 _aManifiesto del 1 de octubre /
_c[Federaciones de Jubilados y Pensionistas de CCOO y UGT]
260 _aMadrid :
_bCCOO : UGT,
_c2021
300 _a5 p. ;
_c 29 cm
650 0 _aPERSONAS DE EDAD AVANZADA
_9866
650 _aENVEJECIMIENTO
_910767
650 0 _aASISTENCIA MEDICA
_9556
650 _aJUBILACION
_91014
650 _aATENCION A LA DEPENDENCIA
_917851
650 0 _aPROTECCION SOCIAL
_962
650 _aPRESTACIONES DE VEJEZ
_9348
650 _aIGUALDAD DE DERECHOS
_91832
650 0 _aDIA INTERNACIONAL DE LAS PERSONAS DE EDAD
_939767
650 0 _aACTITUD SINDICAL
_961
710 2 _aUGT
_bJubilados y Pensionistas
_933502
856 _zPDF
_uhttp://docpublicos.ccoo.es/cendoc/061957Manifiesto1octubre.pdf
901 _a2
903 _aNO
904 _a000
910 _a2021
942 _cDOCU_ELEC
_2ddc
999 _c51377
_d51377